| 000 | 00404nam a22001457a 4500 | ||
|---|---|---|---|
| 008 | 230301b |||||||| |||| 00| 0 eng d | ||
| 020 | _a978-0-7535-5389-3 | ||
| 082 | _a153.42 | ||
| 100 | _aAdam Grant | ||
| 245 |
_aThink Again: _bThe power of knowing what you don't know |
||
| 260 |
_bWH Allen, _c2021 |
||
| 300 |
_a307 p. _c23.4 cm |
||
| 942 | _2ddc | ||
| 999 |
_c9398 _d9399 |
||